000 00743nam a2200217 a 4500
001 000026461
003 OSt
005 20201021091210.0
008 110318s1980 dr ab 000 0 spa d
040 _aDO-SdBNP
_bspa
_cBNPHU
082 _axxxx
_bxxxx
100 1 _aTejada Castillo, Ramón
_937580
245 1 0 _aGeografía general de américa :
_b3ro. educación media (1ro. del bachillerato)
_cRamón Tejada Castillo ; revisión Rafael Antonio González
250 _a7ma. ed.
260 _aSanto Domingo :
_bDisesa,
_c1989.
300 _a208 p. :
_bil., map. ;
_c27 cm.
500 _a3ro Educación media (1ro del bachillerato)
590 _aInventariado, 2020/ YL
700 1 2 _aGonzález, Rafael Antonio
_erev.
_976975
942 _2ddc
_cLBS1
999 _c48934
_d48934